000 00966cam a22001934a 4500
005 20250605164358.0
008 250528s ||||||||||||||||||||||||d
035 _a24458
040 _aGR-AtMCL
_bgre
_dGR-AtMCL
_eAACR2
245 1 _aΕσώρουχα με Χαλκό; / Ένα 'Innovative Story' από την Concept On Action, 100% Made in Greece
260 _c2018
300 _a58
520 _aΗ 'Ελληνική 'Επανάσταση' στο Under Wear, Επιβραβεύοντας τα πιο Επιτυχημένα Events της Χρονιάς, Οι Καλές Ιδέες είναι Πάντα Εμπορικές, Υψηλή Διατροφική Αξία και Γευστική Καινοτομία στην Ίδια Ετικέτα, Πάντα να 'Εισέρχεστε' στο Άγνωστο.
700 1 _aΚορδελάς Δημήτρης
_99464
942 _cCR
710 2 _aThe Marketing Week
_99825
999 _c9337
_d9337